00520nam a2200181 a 4500001001300000003000900013005001700022008004100039020001000080082001600090245004300106260004900149300000900198500003500207505004400242650002200286710003000308nice12345678IN_TiNIC20260116012907.0050524s1983 swia grp 000 0 eng  ac10000a269.2bWCC2 aConfessing Our Faith Around the World. aSwitzerlandbWorld Council of Churchesc1983 a100p aincludes index and biblioraphy2 aAppendix, Glossary, Bibliography, Index aEvangelistic Work2 aWorld Council of Churches